000 00562nam a2200205 a 4500
005 20210219153013.0
008 991125n 000 0 spa u
035 _aUPN01000072621
222 _aESTUDIOS DE PSICOLOGIA
245 _aDiferencias individuales en el procesamiento léxico
260 _aMadrid, España
300 _a15-27
362 _a1997 No. 57
653 0 _aCOMPRENSION LECTORA
653 0 _aDIFERENCIAS INDIVIDUALES
653 0 _aHABILIDAD LECTORA
700 _aCUETOS, Fernando, coaut.
904 _aAC
_b010432
905 _aArticulo
999 _c66019
_d66019